000 00292nam a2200109Ia 4500
008 230907s9999||||xx |||||||||||||| ||und||
082 _a621.3815
_bLUC
100 _aLu, Yan.
_9115434
245 0 _aCMOS integrated circuit design for wireless power transfer /
300 _a161 p.
942 _cBK
999 _c598398
_d598398